LEADER 00803nam a2200205 i 4500 001 000000203471 003 CaOOAMICUS 005 20110629000000.0 008 110629n it u000 u ita u 013 $a182184 040 $aSeMil$bita 245 12$aL'insegnamento della Chiesa dalla "rerum Novarum" ai nostri giorni. 260 $a[S.l. :$bs.n.],$c[19--?] 300 $a25 p. ;$c22 cm. 650 4$aChiesa cattolica - Compito di insegnamento.$0(OLS)http://semarc/subject/21324 850 $aSeMil 852 $aSeMil$W1$xVenegono$y1$m5B III 17/5$j153965$B153965$CSeMilBibl$Z2$F164805 $81 961 $aOmaggio: Altro 996 $6245$aL'insegnamento della Chiesa dalla "rerum Novarum" ai nostri giorni$9(OLS)http://semarc/title/294671 996 $6260$a[S.l. :$bs.n.]$9(OLS)http://semarc/publisher/29751 LEADER 01015nam a2200229 i 4500 001 000000072026 003 CaOOAMICUS 005 20090209000000.0 008 090209s1968 be u000 u fre u 013 $a43198 040 $aSeMil$bita 100 1 $aSchlanger, Jacques.$0(OLS)http://semarc/name/35709 245 13$aLa philosophie de Salomon Ibn Gabirol :$bétude d'un néoplatonisme /$cpar Jacques Schlanger. 260 $aLeiden :$bE. J. Brill,$c1968. 300 $aVIII, 332 p. ;$c24 cm. 490 0 $aÉtudes sur le judaisme médiéval ;$v3 650 4$aIbn Gebirol, ?elomoh ben Yehudah.$0(OLS)http://semarc/subject/14493 830 0$aÉtudes sur le judaisme médiéval ;$v3.$0(OLS)http://semarc/title/27266 850 $aSeMil 852 $aSeMil$W1$xVenegono$y1$m2P V 269$j38179$B38179$CSeMilBibl$Z2$F38182 $81 996 $6245$aLa philosophie de Salomon Ibn Gabirol :$bétude d'un néoplatonisme$9(OLS)http://semarc/title/116018 996 $6260$aLeiden :$bE. J. Brill$9(OLS)http://semarc/publisher/30490